MDQL
is popping MORE tags! Check the
thread
!
Quizzes
Events
Quiz Creation
Community
Videos
Private Events
Remove Ads
Sign In
Join for FREE
Feedback
Dark Mode
Quiz Categories
Sports
Geography
Music
Movies
Television
Just For Fun
Miscellaneous
History
Literature
Language
Science
Gaming
Entertainment
Religion
Holiday
For Kids
Quiz Lab
Recent
Popular Today
Quiz Kudos Today
Editor Picks
Curator Picks
Quizzes by...
Day
Popularity
Type
Ratings
Length
Year
Community
Subscriptions
Recent Discussions
Orange Saloon
Badges
Playlists
Quests
Create
Leaderboards
Showdown
Live 5
Trivia Bingo
Activity
Puzzle Library
Sporcle Events
Private Events
Virtual Trivia
Globe League
Become a Host
Pub Owners
SporcleCon
Opinionation
Our Games
Videos
Blog
Mobile Apps
Partnerships
Remove Ads and Go Orange
Feedback
Sports
Athletes
MLB
NBA
NHL
NFL
Soccer
Sports Teams
WWE
NCAA
Football
Premier League
Basketball
Baseball
Hockey
Golf
Tennis
Cricket
Rugby
Auto Racing
Olympics
World Cup
Sports
Athletes
MLB
NBA
NHL
NFL
Soccer
Sports Teams
WWE
NCAA
Football
Premier League
Basketball
Baseball
Hockey
Golf
Tennis
Cricket
Rugby
Auto Racing
Olympics
World Cup
Random Quiz
Search Sporcle
×
Quiz Lab
Quiz Lab
Sports
name
Type in answers that appear in a list
Type in answers that appear in a list
Classic
Best Score? Go Orange.
Named Tag Teams Stats
Can you name the Partner for the named Wrestler to make a Tag Team?
By
Chriscwest45
10m
50 Questions
346 Plays
346 Plays
346 Plays
Comments
Comments
Give Quiz Kudos
Give Quiz Kudos
-
- Ratings
hide this ad
Random Order
Randomize order of answers
Randomize order of answers
Replay
Link that replays current quiz
Next Quiz
Link to next quiz in quiz playlist
You Got
0%
They Got
Avg Score
65%
Avg Friend Score
Upgrade to see
Score Distribution
Jump to the score distribution portion of the page
Score
0/50
Timer
10:00
0
Plays Today
Wrestler
Partner
% Correct
Matt Hardy
Jeff Hardy
91.3%
Edge
Christian
88.4%
Hawk
Animal
87.8%
Bubba Ray Dudley
D-Von Dudley
86.1%
Kevin Nash
Scott Hall
83.2%
Faarooq
Bradshaw
82.6%
The Rock
Mankind
82.6%
Billy Gunn
Road Dogg
82.3%
Scott Steiner
Rick Steiner
82.3%
Ted DiBiase Jr.
Cody Rhodes
81.7%
Shawn Michaels
Marty Jannetty
78%
Shelton Benjamin
Charlie Haas
78%
Axe
Smash
77.1%
Booker T
Stevie Ray
76.8%
Bret Hart
Jim Neidhart
75.7%
Shawn Michaels
Triple H
74.8%
Hulk Hogan
Randy Savage
74.5%
Greg Valentine
Honkytonk Man
73.6%
Johnny Nitro
Joey Mercury
73.6%
Koko B. Ware
Owen Hart
71%
Davey Boy Smith
Dynamite Kid
70.4%
Luke
Butch
69.3%
Ted DiBiase
IRS
67.8%
Brian Knobbs
Jerry Saggs
65.8%
Steve Austin
Brian Pillman
65.5%
Wrestler
Partner
% Correct
Arn Anderson
Tully Blanchard
65.2%
Phineaus Godwinn
Henry Godwinn
64.9%
Andre the Giant
Haku
61.4%
Skip
Zip
60.3%
JTG
Shad Gaspard
60.3%
Barbarian
Warlord
59.1%
Sylvan Grenier
Renee Dupree or Rob Conway
58.3%
Greg Valentine
Brutus Beefcake
57.4%
James Storm
Robert Roode
56.8%
Jacques Rougeau
Ray Rougeau
56.5%
Big Bossman
Akeem
55.4%
Bryan Clark
Brian Adams
55.4%
Jim Brunzell
Brian Blair
54.8%
James Storm
Chris Harris
52.8%
8-
Ball
Skull
52.8%
Ricky Morton
Robert Gibson
52.5%
Ron Simmons
Butch Reed
52.5%
Hercules
Paul Roma
49.3%
Perry Saturn
John Kronus
47.8%
Lance Storm
Justin Credible
47.8%
Lance Storm
Chris Jericho
46.7%
Jimmy Garvin
Michael Hayes
42.9%
Mustafa Saed
New Jack
42.3%
Stan Lane
Bobby Eaton
42%
Bull Buchanan
Goodfather
41.7%
Quiz Playlist
Details
Report
Send in Message
Add To Playlist
Classic:
Type in answers that appear in a list
Random Order:
Randomize order of answers
Last Updated: Feb 16, 2017
Quiz Scoreboard
CHALLENGE
Sign Up to Join the Scoreboard
Show All
Scores
Hide
Comments
May contain spoilers
Recently Published
Colored Red Africa Blitz
by spor1
Geography
30s
Find the 'City' Movie
by crazypaving
Movies
60s
5x2 Blitz: Bands
by SL_Kpop136
Music
30s
More to Explore
Quiz From the Vault
Featured Blog Post
14 Easter Pick-up Lines to Find Eggs With
hide this ad
You Might Also Like...
Tags
name
Partner
tag
Tag Team
team
Wrestlers
Today's Top Quizzes in Sports
Browse Sports
hide this ad
Today's Top Quizzes in name
Browse name
Top Contributed Quizzes in Sports
1
Players with Multiple 50 Home Run Seasons
2
Who Needs Fielders?
3
Criteria MLB: Left Handed Sluggers
4
MLB Players with Two .350 Batting Average Seasons
5
Who Hit More Homers?
6
2020 F1 Drivers Logic Puzzle
7
NBA Teammate Connections
8
Premier League Clubs since 2000 (minefield)
9
MLB Teams by First Game
10
Top 10 NHL Goal Scorers of All Time
Explore More
Trending Topics
NBA
Marvel
Anime
Harry Potter
Disney
Crossword
Kpop
Puzzle
NFL
The Office
Song
WWE
Pokémon
Country
Soccer
hide this ad
More By:
Chriscwest45
Quiz
Plays
Rating
Category
Featured
Created
Marvel Ultimate Alliance
9,158
4.36
Gaming
Oct 12, 2009
Avengers Roster
5,908
4.31
Entertainment
Oct 6, 2009
Teen Titans
5,766
4.50
Entertainment
Oct 1, 2009
Members of the X-Men
5,426
4.33
Entertainment
Sep 24, 2009
Wrestling PPVs
1,149
3.83
Sports
Jan 5, 2010
Go to Creator's Profile
Score Distribution
Quiz Creator Spotlight
Chriscwest45
Follow
Send a Message
Quizzes Created
-
Created Quiz Play Count
-
More By This Creator
Popular Quizzes Today
1
5x2 Blitz: Bands
2
Find the 'City' Movie
3
Colored Red Africa Blitz
4
Find the US States - No Outlines Minefield
5
The Countries of the World
6
Find the US States
7
9x9 Crossword: Cartoon Network
8
US States
More Sports Quizzes
Not Nadal or Đoković (2010s)
Published
Trending Quizzes
Colored Red Africa Blitz II
Colored Red Europe Blitz I
Christmas Pick: Judaism
Colored Red Africa Blitz III
Colored Red Europe Blitz II
Recently Updated
Champions League XIs: Real Madrid
pecheneg
Largest US Cities 1790-2010
pecheneg
Rides in Walt Disney World
pecheneg
Most Oscar Losses (Acting)
pecheneg
Beyoncé Albums
pecheneg
Leaping Animals
pecheneg
Reality TV Shows (A-Z)
bhenderson79
Rickey Henderson's Hall of Fame Teammates
pecheneg
Champions League XIs: Arsenal
pecheneg
Quick Pick: Celebrities in WWE's Hall of Fame
aduchscher
Trending Topics
NBA
Anime
Harry Potter
Marvel
Disney
Crossword
Kpop
NFL
WWE
Puzzle
Soccer
The Office
Pokémon
Song
Country
Your Account Isn't Verified!
In order to create a playlist on Sporcle, you need to verify the email address you used during registration. Go to your
Sporcle Settings
to finish the process.
Report this User
Report this user for behavior that violates our
Community Guidelines
.
Details:
Send Report
Go to the Sporcle.com Mobile Site →
Comments